Normal view
MARC view
- Pérez-Soba, Marta.
Entry Personal Name
001 - CONTROL NUMBER
- control field: 24341
003 - CONTROL NUMBER IDENTIFIER
- control field: NUST
005 - DATE AND TIME OF LATEST TRANSACTION
- control field: 20191018103049.0
008 - FIXED-LENGTH DATA ELEMENTS
- fixed length control field: 191018|| aca||aabn | a|a d
040 ## - CATALOGING SOURCE
- Original cataloging agency: NUST
- Transcribing agency: NUST
100 ## - HEADING--PERSONAL NAME
- Personal name: Pérez-Soba, Marta.
670 ## - SOURCE DATA FOUND
- Source citation: Work cat.: (NUST)0: Sustainability impact assessment of land use changes /, c2008.
